• 首页
  • 本馆介绍
  • 公告通知
  • 最新文献
  • 馆藏检索
  • 电子资源
  • 读者导购
  • 参考咨询
  • 我的图书馆
  • 登录
  • 详细信息显示
  • 放入我的书架
  • 预约/预借图书
  • 作者相关作品
  • 分类相关作品
  • 丛书相关作品
  • 出版社相关作品

书目信息

  • 表格格式
  • 工作单格式
  • 卡片格式
题名:
老子.庄子.列子
    
 
作者: 张震 点校
分册:  
出版信息: 长沙   岳麓书社  1989.8
页数: 268页
开本: 32开
丛书名: 古典名著普及文库
单 册:
中图分类: B22
科图分类:
主题词: 先秦哲学
电子资源:
ISBN: 7-80520-186-2
000 00554nam0 2200217 45
001 0004101489
005 20040429165916.5
010    @a7-80520-186-2@b精装@dCNY10.80
100    @a20000410d1989 km y0chiy0120 ea
101    @achi
105    @a z 000yy
200 1  @a老子.庄子.列子@f张震点校
210    @a长沙@c岳麓书社@d1989.8
215    @a268页@d32开
225    @a古典名著普及文库
410    @12001 @a古典名著普及文库
606 0  @a先秦哲学
690    @aB22@v1
701    @a张震@4点校
801    @aCN@bTSTC@c20000410
905    @dB22@e167@f1@b287435
    
    老子.庄子.列子/张震点校.-长沙:岳麓书社,1989.8
    268页;32开.-(古典名著普及文库)
    
    
    ISBN 7-80520-186-2(精装):CNY10.80
    
●
相关链接 在E读中查询图书 在五车中查询图书 在当当中查询图书 在豆瓣中查询图书


正题名:老子·庄子·列子     索取号:B22/167         预约/预借

序号 登录号 条形码 馆藏地/架位号 状态 备注
1 0287434   002874349   第一借阅区/ [索取号:B22/167] 在馆    
2 0287435   002874358   第一借阅区/ [索取号:B22/167] 在馆    
3 0287436   002874367   第一样本阅览室/ [索取号:B22/167] 在馆    
唐山师范学院图书馆 欢迎您!
大连网信软件有限公司© 版权所有